000 00538nam a2200193Ia 4500
003 OSt
005 20250724163315.0
020 _a0-86720-173-8
040 _cLC
050 _aQH 430 .H 37 1991
_b2
100 _a HARTL, DANIEL L
245 0 _aBASIC GENETICS:THE JONES AND BARTLETT SERIES IN BIOLOGY
250 _a2
260 _aBOSTON,
_bJONES AND BARTLETT PUBLISHERS,
_c1991,
300 _aXVi, 509 P, ILL
500 _aINCLUDES BIBLIOGRAPHICAL REFERENCES AND INDEX
650 _aMedical genetics, genetics
942 _cBK
_2lcc
_n0
999 _c193021
_d193021